[Event "Calvia Amateur op 19th"]
[Site "Calvia"]
[Date "2022.10.08"]
[Round "1"]
[White "Orsario, Wolfgang"]
[Black "Montesinos Diaz, Luis"]
[Result "0-1"]
[WhiteElo "1651"]
[BlackElo "2075"]
[PlyCount "60"]
[EventDate "2022.10.08"]
[EventType "swiss"]
[EventRounds "9"]
[EventCountry "ESP"]
[SourceTitle "CBM 210 Extra"]
[Source "ChessBase"]
[SourceDate "2022.11.30"]
[SourceVersion "1"]
[SourceVersionDate "2022.11.30"]
[SourceQuality "1"]

1. e4 c6 2. d4 d5 3. Nc3 dxe4 4. Nxe4 Bf5 5. Ng3 Bg6 6. Nf3 Nd7 7. Nh4 e6 8. Nxg6 hxg6 9. Bd3 Ngf6 10. c3 Bd6 11. Bg5 Qc7 12. Qe2 Bxg3 13. fxg3 Rxh2 14. 0-0-0 Qxg3 15. Rxh2 Qxh2 16. Rf1 0-0-0 17. Bf4 Qh5 18. Qe1 Qd5 19. Rg1 Qxa2 20. Bb1 Qc4 21. Rh1 c5 22. Be3 Nd5 23. Bg1 cxd4 24. Bxd4 Nc5 25. Bxc5 Qxc5 26. Rh3 Nf4 27. Rg3 Qc4 28. Rf3 Ne2+ 29. Kc2 Qe4+ 30. Kb3 Nd4+ 0-1

[Event "Niederoesterreich-ch Seniors op"]
[Site "Spitz in der Wachau"]
[Date "2020.10.17"]
[Round "7"]
[White "Orsario, Wolfgang"]
[Black "Dobersberger, Werner"]
[Result "0-1"]
[WhiteElo "1644"]
[BlackElo "1856"]
[PlyCount "80"]
[EventDate "2020.10.11"]
[EventType "swiss"]
[EventRounds "7"]
[EventCountry "AUT"]
[SourceTitle "CBM 198 Extra"]
[Source "ChessBase"]
[SourceDate "2020.11.30"]
[SourceVersion "1"]
[SourceVersionDate "2020.11.30"]
[SourceQuality "1"]

1. e4 e6 2. d4 d5 3. Nc3 Bb4 4. e5 c5 5. a3 Bxc3+ 6. bxc3 Qc7 7. Bb2 Nc6 8. Nf3 Nge7 9. Bd3 Ng6 10. Qd2 0-0 11. h4 f5 12. h5 Nh8 13. Ng5 Nf7 14. g4 Nxg5 15. Qxg5 Qe7 16. Qf4 h6 17. gxf5 c4 18. f6 Qc7 19. Rg1 Rf7 20. Qxh6 cxd3 21. cxd3 Nxe5 22. 0-0-0 Nf3 23. Rg4 e5 24. Rg3 Nxd4 25. Kb1 Nf5 26. Qg5 Nxg3 27. Qxg3 Rxf6 28. Rg1 Bf5 29. Kc2 Rc8 30. Qg5 Qf7 31. Kd2 Bxd3 32. Qxe5 Rxf2+ 33. Kxd3 Qf3+ 34. Qe3 Qxe3+ 35. Kxe3 Rxb2 36. Kd3 Rb3 37. h6 Rc7 38. Kd4 Rxa3 39. Kxd5 Raxc3 40. Kd4 R3c6 0-1

[Event "Niederoesterreich-ch Seniors op"]
[Site "Spitz in der Wachau"]
[Date "2020.10.14"]
[Round "4"]
[White "Beyer, Edith"]
[Black "Orsario, Wolfgang"]
[Result "0-1"]
[WhiteElo "1424"]
[BlackElo "1644"]
[PlyCount "78"]
[EventDate "2020.10.11"]
[EventType "swiss"]
[EventRounds "7"]
[EventCountry "AUT"]
[SourceTitle "CBM 198 Extra"]
[Source "ChessBase"]
[SourceDate "2020.11.30"]
[SourceVersion "1"]
[SourceVersionDate "2020.11.30"]
[SourceQuality "1"]

1. d4 Nf6 2. e3 d5 3. c4 c6 4. c5 Nbd7 5. Nf3 Qc7 6. Nc3 e5 7. Be2 Be7 8. 0-0 0-0 9. Ne1 Re8 10. Nc2 e4 11. f3 exf3 12. Rxf3 Nf8 13. Bd2 Ng6 14. Be1 Bg4 15. Rg3 Bxe2 16. Qxe2 Qd7 17. Bf2 Bd8 18. Rf1 Bc7 19. Rf3 Re6 20. Be1 Rf8 21. Rxf6 gxf6 22. Qh5 Kg7 23. Rf3 Rh8 24. Ne2 Re4 25. Rh3 Qg4 26. Qh6+ Kg8 27. Rf3 Qg5 28. Qh3 Kg7 29. Bg3 Bxg3 30. Nxg3 Nh4 31. Nf5+ Kf8 32. Nxh4 Qxh4 33. Qc8+ Re8 34. Qd7 Qe4 35. Qd6+ Qe7 36. Qf4 h5 37. Qh4 Rh6 38. Qf4 Rg6 39. Ne1 Kg7 0-1

[Event "Calvia Amateur op 14th"]
[Site "Calvia"]
[Date "2017.10.11"]
[Round "5"]
[White "Ferrer Agus, Rodrigo"]
[Black "Orsario, Wolfgang"]
[Result "1-0"]
[WhiteElo "1434"]
[BlackElo "1695"]
[PlyCount "81"]
[EventDate "2017.10.07"]
[EventType "swiss"]
[EventRounds "9"]
[EventCountry "ESP"]
[SourceTitle "CBM 181 Extra"]
[Source "ChessBase"]
[SourceDate "2017.12.12"]
[SourceVersion "1"]
[SourceVersionDate "2017.12.12"]
[SourceQuality "1"]

1. e4 e6 2. d4 d5 3. exd5 exd5 4. Bd3 Bd6 5. Nf3 Nf6 6. 0-0 0-0 7. Bg5 Nbd7 8. c3 c5 9. Nbd2 Qb6 10. Qc2 h6 11. Bh4 Bf4 12. Rfe1 Qd6 13. Nf1 Qc7 14. Bg3 Bd6 15. Rac1 b6 16. Bxd6 Qxd6 17. Ng3 Bb7 18. Qd2 Nh7 19. Nf5 Qf6 20. Re7 Bc6 21. Rce1 b5 22. h4 Rfd8 23. Ne5 Nxe5 24. dxe5 Qg6 25. Nd4 Qg4 26. Nxc6 Qxh4 27. Bxh7+ Kxh7 28. Rxf7 Re8 29. Qd3+ Kh8 30. Qg6 Qg5 31. Qxg5 hxg5 32. Rf5 Re6 33. Na5 c4 34. Nb7 a5 35. Rd1 Ra7 36. Nd6 b4 37. Rxd5 Ra6 38. Nxc4 bxc3 39. bxc3 Rec6 40. Rd6 Rxd6 41. exd6 1-0

[Event "Latschach op 28th"]
[Site "Latschach"]
[Date "2012.08.11"]
[Round "1"]
[White "Franz, Karsten"]
[Black "Orsario, Wolfgang"]
[Result "1-0"]
[WhiteElo "2224"]
[BlackElo "1870"]
[PlyCount "81"]
[EventDate "2012.08.11"]
[EventType "swiss"]
[EventRounds "9"]
[EventCountry "AUT"]
[SourceTitle "CBM 149 Extra"]
[Source "ChessBase"]
[SourceDate "2012.08.24"]
[SourceVersion "1"]
[SourceVersionDate "2012.08.24"]
[SourceQuality "1"]

1. Nf3 d5 2. g3 c6 3. Bg2 Bf5 4. d3 Nf6 5. Nbd2 Nbd7 6. 0-0 e5 7. Qe1 Be7 8. e4 dxe4 9. dxe4 Bg6 10. Nh4 Qc7 11. Nc4 0-0-0 12. a4 Bc5 13. b4 Be7 14. a5 Ne8 15. Nxg6 hxg6 16. Be3 Kb8 17. f4 Nd6 18. Na3 Nc8 19. c4 c5 20. b5 f6 21. b6 axb6 22. Nb5 Qc6 23. axb6 Qxb6 24. Bd2 Qc6 25. Qc1 Nd6 26. Qa3 Nxb5 27. cxb5 Qxb5 28. Rfb1 Qc6 29. Qa7+ Kc8 30. Ba5 c4 31. Qa8+ Nb8 32. Bxd8 Bxd8 33. Qa4 Qc5+ 34. Kh1 Bc7 35. Rb5 Qf2 36. Qxc4 Qxg3 37. Qe6+ Nd7 38. Ra8+ Bb8 39. Rc5+ Kd8 40. Rxb8+ Nxb8 41. Rc8# 1-0

[Event "AUT-ch Seniors"]
[Site "Spitz am Donau"]
[Date "2011.10.05"]
[Round "2"]
[White "Csoergeoe, Adalbert"]
[Black "Orsario, Wolfgang"]
[Result "1/2-1/2"]
[WhiteElo "1975"]
[BlackElo "1837"]
[PlyCount "88"]
[EventDate "2011.10.04"]
[EventType "swiss"]
[EventRounds "9"]
[EventCountry "AUT"]
[SourceTitle "CBM 144 Extra"]
[Source "ChessBase"]
[SourceDate "2011.10.28"]
[SourceVersion "1"]
[SourceVersionDate "2011.10.28"]
[SourceQuality "1"]

1. e4 e6 2. d4 d5 3. e5 c5 4. c3 Nc6 5. Nf3 Qb6 6. Be2 Nge7 7. dxc5 Qxc5 8. Be3 Qa5 9. 0-0 Ng6 10. Bd4 Qc7 11. Bb5 Bd7 12. Bxc6 bxc6 13. Re1 c5 14. Be3 Be7 15. Qd2 a5 16. a4 Rb8 17. Qc2 Nxe5 18. Nxe5 Qxe5 19. Nd2 Qc7 20. f4 0-0 21. b3 Bd6 22. Rf1 f5 23. Rad1 Bc6 24. Rde1 Rf6 25. Nf3 Be8 26. Ne5 Rc8 27. Bd2 Qb7 28. Rf3 Bxe5 29. Rxe5 Rb8 30. c4 Bc6 31. Rg3 Qb6 32. Qc1 dxc4 33. Qxc4 Bd5 34. Qc3 Rf7 35. Qxa5 Qxa5 36. Bxa5 Rxb3 37. Rxb3 Bxb3 38. Rxc5 h5 39. Bc3 Bxa4 40. Kf2 Bb3 41. Kg3 Kh7 42. Kh4 Kg6 43. Rc8 Bd5 44. g3 Bf3 1/2-1/2

[Event "Villach Admira 60 op"]
[Site "Villach"]
[Date "2006.02.12"]
[Round "3"]
[White "Orsario, Wolfgang"]
[Black "Marjanovic, Slavko"]
[Result "0-1"]
[WhiteElo "1836"]
[BlackElo "2002"]
[PlyCount "46"]
[EventDate "2006.02.11"]
[EventType "swiss"]
[EventRounds "9"]
[EventCountry "AUT"]
[SourceTitle "CBM 110 Extra"]
[Source "ChessBase"]
[SourceDate "2006.03.10"]
[SourceVersion "2"]
[SourceVersionDate "2006.03.10"]
[SourceQuality "1"]

1. d4 e6 2. c4 Nf6 3. Nc3 Bb4 4. Qc2 d5 5. Nf3 0-0 6. Bg5 Nbd7 7. e3 c5 8. Bd3 Qa5 9. 0-0 dxc4 10. Bxc4 cxd4 11. exd4 b6 12. a3 Bxc3 13. bxc3 Bb7 14. Bxf6 Nxf6 15. Ne5 Rac8 16. a4 Rc7 17. Rfc1 Rfc8 18. Qe2 Ne4 19. Bd3 Nxc3 20. Qh5 Ne2+ 21. Kf1 Rxc1+ 22. Rxc1 Rxc1+ 23. Kxe2 Qe1# 0-1